Religion by Letter - V - Statistics

General Stats
  • This quiz has been taken 157 times
  • The average score is 13 of 20
Answer Stats
Hint Answer % Correct
Headquarters of the Catholic church Vatican City
99%
Roman goddess of beauty Venus
92%
Thou shalt not take the name of the Lord thy God in ... Vain
91%
Christian saint who died on February 14 Valentine
90%
Religion commonly practiced in Haiti Vodou
89%
Hall of the Norse gods Valhalla
88%
City of St. Mark's Basilica Venice
87%
Where people celebrate Tet holiday Vietnam
82%
Blue four-armed Hindu God Vishnu
82%
Female beings who bring warriors to that hall Valkyries
69%
Pele is the Hawaiian goddess of these Volcanoes
66%
Mother of Jesus; alternative name Virgin Mary
64%
Hinduism’s most ancient scriptures Vedas
61%
Hindu holy city also called Benares Varanasi
50%
Roman craftsman of the gods Vulcan
50%
What an "ayah" in Quran is Verse
40%
Term for the home of an Anglican parish leader Vicarage
40%
An evening prayer or worship service in some Christian churches Vesper
39%
Each of the four Hindu castes; or a major coastal city in Bulgaria Varna
36%
Official Latin translation of the Bible Vulgate
33%
No matching quizzes found
Score Distribution
Percent of People with Each Score
Percentile by Number Answered
Your Score History
You have not taken this quiz